00576nam a2200193Ia 4500008004100000020001800041082001700059100002400076245004800100250000600148260003000154300001800184500002400202650001200226700002300238942000700261952009700268999001700365230524s9999 xx 000 0 und d a9788181287144 a629.892bSCI aL.Sciavicco 942086 0aModelling and Control of Robot Manipulators a1 aNew DelhibSpringerc2007 a"XXIII,371p;" aQuantity Number: 1 aComp-Sc aB.Siciliano942087 cBK 00104070aTATCLbTATCLcGENd2023-05-24l0o629.892 SCIp53921r2023-05-24w2023-05-24yBK c56495d56495